Excepto la muerte /

שמור ב:
מידע ביבליוגרפי
מחבר ראשי: Moreno, Carmen Elvira (autor)
פורמט: ספר
שפה:ספרדית
יצא לאור: México : Joaquín Mortiz, 1988, c1988
סדרה:(Nueva Narrativa Hispánica Joaquín Mortiz)
נושאים:
תגים: הוספת תג
אין תגיות, היה/י הראשונ/ה לתייג את הרשומה!

MARC

LEADER 00000nam^a2200000^a^4500
001 000190916
005 20250521000000.0
009 20260310102507.04
020 |a 968-27-0264-X 
025 |a Donación Lourdes Sierra, 1 ejemplar 
037 |a Acervo ITESO - Biblioteca 
041 |a ESP 
082 |a 863.  |b MOR 
100 |a Moreno, Carmen Elvira  |e (autor) 
245 1 0 |a Excepto la muerte /  |c C.E. Moreno. 
264 4 |a México :  |b Joaquín Mortiz,  |c 1988, c1988 
300 |a 235 p. 
336 |a texto  |b txt  |2 rdacontenido 
337 |a sin mediación  |b n  |2 rdamedio 
338 |a volumen  |b nc  |2 rdasoporte 
440 1 |a (Nueva Narrativa Hispánica Joaquín Mortiz) 
649 |a XX 
650 |a Novela Mexicana 
650 |a Literatura Mexicana -  |y Siglo XX 
650 |a Literatura de Mujeres -  |z México 
650 |a Relaciones de Pareja en la Literatura 
650 |a Género en la Literatura 
910 |a Fondo General 
920 |a Impresos - Libros 
930 |a Colección General 
940 |a Literatura 
905 |a 101 
901 |a 0500134173  |b IT1  |c LIT  |i D  |u 20250521 
902 |a https://opac.biblio.iteso.mx/vufind/Record/000190916